1436 1595 1439 1755 1150 1522 1944 1977 1351 1507 1718 1048 1751 1629 1885 1486 1400 1701 1896 1407 1072 1690 1153 1129 1339 1867 1968 1876 1080 1571 1676 1286 1137 1916 1442 1078 1251 1529 1436 1910 1295 1832 1692 1983 1212 1738 1610 1964 1011 1780 1201 1968 1628 1858 1156 1839 1543 1716 1379 1008 1251 1479 1771 1608 1322 1236 1246 1976 1702 1938 1600 1310 1447 1378 1724 1417 1133 1836 1340 1687 1831 1185 1127 1951 1994 1687 1665 1737 1023 1939 1501 1723 1252 1538 1001 1255 1147 1909 1601 BCNSPRNW ULIB Ver.6.0+V

เปลี่ยนเป็นภาษาไทย

Change to English
 แสดงรายละเอียดบรรณานุกรม
  กลับหน้าหลัก

Brief Record : Get Marc (ISO 2709) : E-mail record : QR code < ปิดหน้าต่าง
LEADER : 00000nam 2200000uu 4500
001    13399124799
003     ULIB
008    160324s2016||||th 000 0 eng d
020    ^a9781284049008 (casebound)
060 04 ^aWT500^bL929 2016
245 00 ^aLubkin's chronic illness :^bimpact and intervention / ^cedited by Pamala D. Larsen
246 1  ^aChronic illness
250    ^a9th ed.
260    ^aBurlington, MA :^bJones & Bartlett Learning,^cc2016
300    ^axix, 635 p. :^bill. ;^c24 cm.
500    ^aPreceded by Chronic illness / edited by Ilene Morof Lubkin, Pamala D. Larsen. 8th ed. c2013
504    ^aIncludes bibliographical references and index
505 0  ^aChronicity -- The illness experience -- Psychosocial adjustment -- Loss -- Spirituality -- Social isolation -- Uncertainty -- Quality of life -- Adherence -- Family caregiving -- Sexuality -- Powerlessness -- Culture -- Self management -- Client and family education -- Health promotion -- The advanced practice nurse in chronic illness -- Complementary and alternative therapies -- Models of care -- Home health care -- Long-term care -- Palliative care -- Health policy -- Rehabilitation
650  2 ^aChronic Disease^xpsychology
650  2 ^aProfessional-Family Relations
650  2 ^aProfessional-Patient Relations
650  2 ^aTherapeutics
700 1  ^aLubkin, Ilene Morof
700 1  ^aLarsen, Pamala D.,^eed.
945    ^p4020^l0^i000348
999    ^aเกษร โพธิ์สุวรรณ
รายการนี้ยังไม่มีแท็ก
คุณยังไม่ได้ล็อกอิน คุณสามารถมีกิจกรรมร่วมกับเว็บไซต์ได้ แต่ต้องล็อกอินก่อน ::
  ล็อกอิน

รายการสื่อสารสนเทศ

ลำดับที่ ประเภท เลขเรียก/บาร์โค้ด สถานที่ สถานะ
1. Book การพยาบาล
Book การพยาบาล
WT500 L929 2016 ฉ.1 
  Barcode: 000348
ห้องสมุดวิทยาเขตสวรรค์ประชารักษ์
►หนังสือทั่วไป
บนชั้น

รายการใกล้เคียง
    หัวเรื่อง [Professional-Patient Relations]
    หัวเรื่อง [Therapeutics]

BibComment


ยังไม่เคยถูกคอมเมนท์

คอมเมนท์ทรัพยากรรายการนี้
  คอมเมนท์: Lubkins chronic ..


 Copyright 2026. Bcnsprnw @Library